Państwa zaczynające się na "sa" - Statystyki

Ogólne statystyki
  • Ten quiz został rozwiązany 51 razy
  • Średni wynik to 5 z 6
Statystyki odpowiedzi
Hint Odpowiedź % Poprawnych
Europa San Marino
93%
Ameryka Północna Salwador
79%
Australia i oceania Samoa
79%
Ameryka Północna Saint kitts i nevis
74%
Ameryka Północna Saint lucia
72%
Ameryka Północna Saint vincent i grenadyny
70%
Nie znaleziono quizów pasujących do podanych kryteriów
Rozkład punktacji
Procent ludzi z każdym wynikiem
Percentyl według liczby udzielonych odpowiedzi
Twoja historia wyników
Nie rozwiązałeś tego quizu